Being Me...: (Record no. 186257)

MARC details
000 -LEADER
fixed length control field 00618nam a22001817a 4500
005 - DATE AND TIME OF LATEST TRANSACTION
control field 20220218165541.0
010 ## - LCCN (DPL NO)
LC control number ENG-131688
020 ## - INTERNATIONAL STANDARD BOOK NUMBER
International Standard Book Number 9789390869183
Terms of availability 280.00
035 ## - SYSTEM CONTROL NUMBER
System control number EN-115220
037 ## - SOURCE OF ACQUISITION
Source of stock number/acquisition DBAD
082 ## - DEWEY DECIMAL CLASSIFICATION NUMBER
Classification number 305.42
100 ## - MAIN ENTRY--PERSONAL NAME
Personal name Narain, Kshipra Bhandari
245 ## - TITLE STATEMENT
Title Being Me...:
Remainder of title A Woman In Progress 24x7/
Statement of responsibility, etc Kshipra Bhandari Narain
260 ## - PUBLICATION, DISTRIBUTION, ETC. (IMPRINT)
Place of publication, distribution, etc Pune
Name of publisher, distributor, etc Vishwakarma Publications
Date of publication, distribution, etc 2021
270 ## - ADDRESS
Address 34A/1, Suyog Center, 7th Floor, Gultekadi Marketyard Road, Giridhar Bhavan Chowk
City Pune
Postal code 411037
Electronic mail address info@vpindia.co.in
300 ## - PHYSICAL DESCRIPTION
Extent 215p.
Dimensions 22cm(pbk)
942 ## - ADDED ENTRY ELEMENTS (KOHA)
Source of classification or shelving scheme Dewey Decimal Classification
Item type English Books
Classification part 305.42
Call number suffix NAR
Holdings
Withdrawn status Lost status Not for loan Collection code Home library Current library Date acquired Source of acquisition Cost, normal purchase price Full call number Barcode Copy number Cost, replacement price Koha item type
    Not For Loan Non-fiction D.B.Act.Division Mobile Library 18/02/2022 DBAD/PUB 280.00 305.42 NAR EN-115220 1 280.00 English Books

© Delhi Public Library
Hit Counter
free hit counter